000 00312pab a2200133 454500
008 180718b xxu||||| |||| 00| 0 eng d
100 _aArvind
245 _aPrivatisation: tread softly
650 _a Government Enterprise
650 _aPrivatisation
700 _aS., Chatterjee
773 _aYojana
909 _a2134
999 _c2134
_d2134